| 000 | 00491nam a22001937a 4500 | ||
|---|---|---|---|
| 005 | 20251108173520.0 | ||
| 008 | 250721s2005 xx 000 0 eng d | ||
| 020 | _a70598991 | ||
| 082 | 1 | 4 | _a621.39/MAR |
| 100 | 1 | _aMarcovitz, Alan B. | |
| 245 | 1 | 0 | _aIntroduction To Logic Design / |
| 250 | _a2.ED. | ||
| 264 | 1 |
_aNew Delhi : _bTata McGraw-Hill Publishing, _c2005. |
|
| 300 | _a652 P. | ||
| 650 | 1 | 7 | _aLOGIC CIRCUITS |
| 650 | 1 | 7 | _aLOGIC DESIGN |
| 942 |
_2ddc _cBK |
||
| 999 |
_c105769 _d105769 |
||